E.PRIVACY AND ONLINE DATA PROTECTION (Record no. 7811)

MARC details
000 -LEADER
fixed length control field 00405nam a22001697a 4500
005 - DATE AND TIME OF LATEST TRANSACTION
control field 20210904140307.0
008 - FIXED-LENGTH DATA ELEMENTS--GENERAL INFORMATION
fixed length control field 210821b ||||| |||| 00| 0 eng d
020 ## - INTERNATIONAL STANDARD BOOK NUMBER
ISBN 0406945888
041 ## - LANGUAGE CODE
Language code of text/sound track or separate title eng
082 ## - DEWEY DECIMAL CLASSIFICATION NUMBER
Classification number 342.0858
100 ## - MAIN ENTRY--AUTHOR NAME
Personal name CAREY, PETER
245 ## - TITLE STATEMENT
Title E.PRIVACY AND ONLINE DATA PROTECTION
260 ## - PUBLICATION, DISTRIBUTION, ETC. (IMPRINT)
Place of publication U.S.A
Name of publisher BUTTER WORTHS
Year of publication 2002
300 ## - PHYSICAL DESCRIPTION
Number of Pages 268,p
650 ## - SUBJECT ADDED ENTRY--TOPICAL TERM
Topical Term LAW
942 ## - ADDED ENTRY ELEMENTS (KOHA)
Koha item type Books
Holdings
Lost status Damaged status Collection code Home library Current library Shelving location Date acquired Source of acquisition Full call number Accession Number Koha item type
    LAW JRU Library JRU Library SHELF-1-D 21/08/2021 PURCESS 342.0858 25835 Books